000 01588cam a2200385 a 4500
001 15434715
003 OSt
005 20140310182751.0
008 080902s2009 enk b 001 0 eng
010 _a 2008038397
020 _a9780195384260 (hardback : alk. paper)
020 _a0195384261 (hardback : alk. paper)
020 _a9780199764686
035 _a(OCoLC)ocn246199410
040 _aDLC
_cDLC
_dBTCTA
_dYDXCP
_dCDX
_dC#P
_dBWX
_dOCLCQ
_dDLC
050 0 0 _aBF611
_b.M519 2009
082 0 0 _aM 128.3
_bM46 2009
100 1 _aMele, Alfred R.,
_d1951-
245 1 0 _aEffective Intentions :
_bThe Power of Conscious Will /
_cMele, Alfred R.
260 _aOxford ;
_aNew York :
_bOxford University Press,
_c2009.
300 _aix, 178 p. ;
_c22 cm.
504 _aIncludes bibliographical references (p. 163-171) and index.
505 0 _aIntroduction -- Conscious intentions and decisions -- Neuroscience and causes of action -- Neuroscience and free will -- Intentional actions and the alleged illusion of conscious will -- Proximal intentions and awareness reports -- The power of conscious will -- Conclusion.
521 _aCollege Students
526 _c1210L-1700L
541 _j1
562 _e1
650 0 _aWill.
650 0 _aConsciousness.
650 0 _aIntentionalism.
856 4 1 _3Table of contents only
_uhttp://www.loc.gov/catdir/toc/ecip0827/2008038397.html
906 _a7
_bcbc
_corignew
_d1
_eecip
_f20
_gy-gencatlg
942 _2lcc
_cBK
_kM
999 _c15751
_d15751